Music Quiz

Random Music or Song Quiz

9-Letter Missing Words in Songs Quiz Stats

 Plays Quiz Updated Sep 9, 2016

Score 0/40 Timer 08:00
1 Play Today
Song Title Missing % Correct
What a ________ WorldWonderful
92.5%
I Heard It Through The ________Grapevine
91.6%
Yellow ________Submarine
91.4%
Don't Cry for Me ________Argentina
88.6%
Signed, Sealed, ________ I'm YoursDelivered
88.3%
________ Wants to Rule the WorldEverybody
86.5%
________ Keep Fallin' on My HeadRaindrops
84.2%
The Final ________Countdown
83.7%
We Are The ________Champions
82.7%
________ of Broken DreamsBoulevard
81.8%
Karma ________Chameleon
81.5%
________ RockJailhouse
80.5%
You Are So ________Beautiful
74.2%
Rock You Like a ________Hurricane
73.1%
Always ________ There to Remind MeSomething
71.5%
Under the ________Boardwalk
71.2%
My Funny ________Valentine
70.3%
________ BeretRaspberry
63%
________ MelodyUnchained
62.4%
19th Nervous ________Breakdown
60.3%
Song Title Missing % Correct
Some ________ EveningEnchanted
59.8%
________ GirlHollaback
58.5%
Paradise by the ________ LightDashboard
58.5%
________ SonFortunate
54.2%
________ SueRunaround
53.6%
________ on My GuitarTeardrops
52.1%
Sunshine on My ________Shoulders
50.4%
________ TouchInvisible
49.7%
Don't Talk to ________Strangers
49%
________ to the One I LoveDedicated
47.8%
Sister ________Christian
47.6%
________ QueenCaribbean
45.2%
Dancing in the ________Moonlight
44.8%
Tonight, I ________ My LoveCelebrate
41.1%
________ In AmericaBreakfast
39%
Lady ________Marmalade
36.9%
I Write Sins Not ________Tragedies
36.2%
The End of the ________Innocence
35.7%
Edge of ________ (Just Like The White Winged Dove)Seventeen
34.5%
________ NightsHollywood
34.3%

You're not logged in!

Compare scores with friends on all Sporcle quizzes.
OR
Log In

You Might Also Like...

Show Comments

Extras

Top Quizzes Today


Score Distribution

Your Account Isn't Verified!

In order to create a playlist on Sporcle, you need to verify the email address you used during registration. Go to your Sporcle Settings to finish the process.

Report this User

Report this user for behavior that violates our Community Guidelines.

Details: